Лекции по газовой динамике: учебник

Dades bibliogràfiques
Autor principal: Стулов В. П. Владимир Петрович
Sumari:Книга содержит систематическое изложение основных вопросов современной газовой динамики. Математическое моделирование газодинамических процессов строится на базе двух независимых блоков, включающих уравнения баланса и уравнения состояния. Блок уравнений состояния формулируется на основе гипотезы о локальном термодинамическом равновесии. Рассматриваются три основные модели газовой среды: совершенный газ с постоянными теплоемкостями; двухатомный газ с релаксацией колебательной энергии молекул; химически реагирующая смесь идеальных газов. Для студентов и аспирантов университетов, обучающихся по специальности «Механика», студентов технических вузов аэромеханического профиля, а также для астрономов и геофизиков.
Idioma:rus
Publicat: Москва, Физматлит, 2004
Matèries:
Format: MixedMaterials Llibre
KOHA link:https://koha.lib.tpu.ru/cgi-bin/koha/opac-detail.pl?biblionumber=87088

MARC

LEADER 00000nam0a2200000 4500
001 87088
005 20231031102022.0
010 |a 5922102133 
035 |a (RuTPU)RU\TPU\book\93507 
090 |a 87088 
100 |a 20051205d2004 m y0rusy50 ca 
101 0 |a rus 
102 |a RU 
105 |a a j 001zy 
200 1 |a Лекции по газовой динамике  |e учебник  |f В. П. Стулов 
210 |a Москва  |c Физматлит  |d 2004 
215 |a 192 с.  |c ил. 
320 |a Библиогр.: с. 190-191. 
330 |a Книга содержит систематическое изложение основных вопросов современной газовой динамики. Математическое моделирование газодинамических процессов строится на базе двух независимых блоков, включающих уравнения баланса и уравнения состояния. Блок уравнений состояния формулируется на основе гипотезы о локальном термодинамическом равновесии. Рассматриваются три основные модели газовой среды: совершенный газ с постоянными теплоемкостями; двухатомный газ с релаксацией колебательной энергии молекул; химически реагирующая смесь идеальных газов. Для студентов и аспирантов университетов, обучающихся по специальности «Механика», студентов технических вузов аэромеханического профиля, а также для астрономов и геофизиков. 
610 1 |a физика 
610 1 |a аэродинамика 
610 1 |a газовая динамика 
610 1 |a газовые смеси 
610 1 |a совершенный газ 
610 1 |a идеальные газы 
610 1 |a нестационарные течения 
610 1 |a теория ударных волн 
610 1 |a ударные волны 
610 1 |a сжимаемые газы 
610 1 |a сверхзвуковые течения 
610 1 |a учебники 
675 |a 533.6(075.8)  |v 3 
700 1 |a Стулов  |b В. П.  |g Владимир Петрович 
801 1 |a RU  |b 63413507  |c 20051205  |g PSBO 
801 2 |a RU  |b 63413507  |c 20060419  |g PSBO 
942 |c BK 
959 |a 102/20051202  |d 1  |e 147,6  |f НФ:1